Czy potrafisz policzyć do 100 w 25 sekund? - Statystyki

Ogólne statystyki
  • Ten quiz został rozwiązany 2 620 razy
  • Średni wynik to 37 z 100
Statystyki odpowiedzi
Odpowiedź % Poprawnych
1
100%
2
99%
3
99%
4
98%
5
98%
8
98%
6
97%
7
97%
9
97%
10
92%
11
90%
12
90%
13
86%
14
86%
15
84%
16
83%
17
83%
18
82%
19
81%
21
81%
20
78%
22
78%
23
77%
24
73%
25
73%
26
71%
27
70%
28
67%
29
65%
30
61%
31
61%
32
59%
33
57%
34
53%
35
49%
36
47%
37
45%
38
44%
39
41%
40
37%
41
35%
42
33%
43
31%
44
30%
45
28%
46
24%
47
24%
48
23%
49
22%
51
19%
50
18%
52
16%
53
16%
54
16%
55
16%
56
14%
57
11%
58
10%
61
10%
59
9%
60
9%
62
9%
63
8%
64
8%
66
8%
67
8%
100
7%
65
7%
92
7%
99
7%
71
6%
73
6%
77
6%
82
6%
88
6%
89
6%
93
6%
94
6%
98
6%
72
5%
74
5%
78
5%
81
5%
83
5%
90
5%
91
5%
95
5%
97
5%
68
4%
69
4%
70
4%
75
4%
76
4%
80
3%
84
3%
85
3%
86
3%
87
3%
96
3%
79
2%
Nie znaleziono quizów pasujących do podanych kryteriów
Rozkład punktacji
Procent ludzi z każdym wynikiem
Percentyl według liczby udzielonych odpowiedzi
Twoja historia wyników
Nie rozwiązałeś tego quizu